| 000 | 00728nam a2200229 a 4500 | ||
|---|---|---|---|
| 999 |
_c3165 _d3165 |
||
| 001 | 3165 | ||
| 003 | BD-JhCC | ||
| 005 | 20171112102437.0 | ||
| 008 | 171111s1985 xxu |||| ||a| 000 0 ben d | ||
| 035 | _a(BD-JhCC)3165 | ||
| 040 |
_aBD-JhCC _dBD-JhCC |
||
| 041 | _aben | ||
| 082 |
_a760 _bAHM 1985 |
||
| 100 | _aআহমেদ, মহিউদ্দীন | ||
| 245 |
_aমদ্রণ শিল্প / _cমহিউদ্দীন আহমেদ, |
||
| 260 |
_aঢাকা : _bবাংলা একাডেমী, _c1985 |
||
| 300 |
_a88 p. : _c18 cm. |
||
| 490 | _aSeries in honour of the Martyrs of the Language Movement of February 1952. | ||
| 650 | _aThe Art and printing | ||
| 942 |
_2ddc _cBK |
||